| 000 | 00667nam a22002297a 4500 | ||
|---|---|---|---|
| 999 |
_c6512 _d6512 |
||
| 001 | 6512 | ||
| 003 | BD-JhCC | ||
| 005 | 20180315130210.0 | ||
| 008 | 180124s2004 bg |||| |||| 00| 0 eng d | ||
| 035 | _a(BD-JhCC)6512 | ||
| 040 |
_aBD-JhCC _dBD-JhCC |
||
| 041 | _aeng | ||
| 082 |
_a428.24 _bSAR 2004 |
||
| 100 | _aSarker, Ratan Kumar | ||
| 245 |
_aDiscovery Communicative English Grammar : _bfor classes IX, X & SSC Examination / _cRatan Kumar Sarker and Md. Nazrul Islam |
||
| 260 |
_aDhaka : _bHassan Book Depot, _c2004. |
||
| 300 |
_aVarious Pages : _c26 cm. |
||
| 650 | _aEnglish Grammar | ||
| 700 | _a Islam, Md. Nazrul | ||
| 942 |
_2ddc _cBK |
||